A textbook of engineering mathematics - I / (Record no. 146)
[ view plain ]
| 000 -LEADER | |
|---|---|
| fixed length control field | 00588 a2200181 4500 |
| 008 - FIXED-LENGTH DATA ELEMENTS--GENERAL INFORMATION | |
| fixed length control field | 210413b ||||| |||| 00| 0 eng d |
| 020 ## - INTERNATIONAL STANDARD BOOK NUMBER | |
| International Standard Book Number | 9789385750946 |
| 082 00 - DEWEY DECIMAL CLASSIFICATION NUMBER | |
| Classification number | 510.2462 |
| Item number | B1861 |
| 100 ## - MAIN ENTRY--PERSONAL NAME | |
| Personal name | Bali, N. P. |
| 245 ## - TITLE STATEMENT | |
| Title | A textbook of engineering mathematics - I / |
| 250 ## - EDITION STATEMENT | |
| Edition statement | 12th ed. |
| 260 ## - PUBLICATION, DISTRIBUTION, ETC. (IMPRINT) | |
| Place of publication, distribution, etc | New Delhi: |
| Name of publisher, distributor, etc | University Science Press, |
| Date of publication, distribution, etc | 2017. |
| 300 ## - PHYSICAL DESCRIPTION | |
| Extent | 274 p. |
| 505 0# - FORMATTED CONTENTS NOTE | |
| Formatted contents note | University Science Press (An imprint of Laxmi publications Pvt. Ltd.) |
| 650 #0 - SUBJECT ADDED ENTRY--TOPICAL TERM | |
| Topical term or geographic name as entry element | Engineering Mathematics |
| 700 ## - ADDED ENTRY--PERSONAL NAME | |
| 9 (RLIN) | 5100 |
| Personal name | Prasad, K. L. Sai |
| 942 ## - ADDED ENTRY ELEMENTS (KOHA) | |
| Source of classification or shelving scheme | |
| Item type | Books |
| Withdrawn status | Lost status | Source of classification or shelving scheme | Damaged status | Not for loan | Permanent location | Current location | Date acquired | Source of acquisition | Cost, normal purchase price | Full call number | Barcode | Date last seen | Cost, replacement price | Koha item type | Total Checkouts | Date last borrowed |
|---|---|---|---|---|---|---|---|---|---|---|---|---|---|---|---|---|
| IMU Kolkata | IMU Kolkata | 2019-01-24 | Apex Books Services | 229.45 | 510.2462 B1861 | 13792 | 2019-09-09 | 295.00 | Books | |||||||
| IMU Kolkata | IMU Kolkata | 2019-01-24 | Apex Books Services | 229.45 | 510.2462 B1861 | 13793 | 2024-05-02 | 295.00 | Books | 1 | 2024-04-18 | |||||
| IMU Kolkata | IMU Kolkata | 2019-01-24 | Apex Books Services | 229.45 | 510.2462 B1861 | 13794 | 2025-01-30 | 295.00 | Books | 1 | 2025-01-20 | |||||
| IMU Kolkata | IMU Kolkata | 2019-01-24 | Apex Books Services | 229.45 | 510.2462 B1861 | 13795 | 2019-09-09 | 295.00 | Books | |||||||
| IMU Kolkata | IMU Kolkata | 2019-01-24 | Apex Books Services | 229.45 | 510.2462 B1861 | 13796 | 2019-09-09 | 295.00 | Books | |||||||
| IMU Kolkata | IMU Kolkata | 2019-01-24 | Apex Books Services | 229.45 | 510.2462 B1861 | 13797 | 2019-09-09 | 295.00 | Books | |||||||
| IMU Kolkata | IMU Kolkata | 2019-01-24 | Apex Books Services | 229.45 | 510.2462 B1861 | 13798 | 2024-05-24 | 295.00 | Books | 2 | 2024-05-10 | |||||
| IMU Kolkata | IMU Kolkata | 2019-01-24 | Apex Books Services | 229.45 | 510.2462 B1861 | 13799 | 2022-12-29 | 295.00 | Books | 1 | 2022-12-16 | |||||
| IMU Kolkata | IMU Kolkata | 2019-01-24 | Apex Books Services | 229.45 | 510.2462 B1861 | 13800 | 2019-09-09 | 295.00 | Books | |||||||
| IMU Kolkata | IMU Kolkata | 2019-01-24 | Apex Books Services | 229.45 | 510.2462 B1861 | 13801 | 2019-09-09 | 295.00 | Books | |||||||
| IMU Kolkata | IMU Kolkata | 2019-01-24 | Apex Books Services | 229.45 | 510.2462 B1861 | 13802 | 2019-09-09 | 295.00 | Books | |||||||
| IMU Kolkata | IMU Kolkata | 2019-01-24 | Apex Books Services | 229.45 | 510.2462 B1861 | 13803 | 2019-09-09 | 295.00 | Books |